Leadership dilemmas : Grid solution
| Main Author: | |
|---|---|
| Other Authors: | |
| Format: | Book |
| Published: |
Houston :
Gulf Publishing ,
1991
|
| Subjects: |
MARC
| LEADER | 00000cam a2200000 7i4500 | ||
|---|---|---|---|
| 001 | 0000003893 | ||
| 005 | 20050509.0 | ||
| 020 | |a 0872014886 | ||
| 040 | |a INS | ||
| 090 | 0 | 0 | |a HD57.7. |b B55 1991 |
| 100 | 1 | |a BlakehRobert Rogers | |
| 245 | 1 | 0 | |a Leadership dilemmas : |b Grid solution |c Robert Rogers Blake |
| 260 | |a Houston : |b Gulf Publishing , |c 1991 | ||
| 300 | |a xiv, 337 p ; |c 24 cm. | ||
| 650 | 0 | 0 | |a Leadership |
| 700 | 1 | |a McCanse, Anne Adams | |
| 999 | |a 0000004455 |b BOOK |c Open Shelf |e Default branch | ||